<?xml version="1.0" encoding="UTF-8"?>
<record
    xmlns:xsi="http://www.w3.org/2001/XMLSchema-instance"
    xsi:schemaLocation="http://www.loc.gov/MARC21/slim http://www.loc.gov/standards/marcxml/schema/MARC21slim.xsd"
    xmlns="http://www.loc.gov/MARC21/slim">

  <leader>00491nam a22001097a 4500</leader>
  <controlfield tag="008">150715b        xxu||||| |||| 00| 0 eng d</controlfield>
  <datafield tag="010" ind1=" " ind2=" ">
    <subfield code="8">HCCRS ARF:027</subfield>
  </datafield>
  <datafield tag="245" ind1=" " ind2=" ">
    <subfield code="a">HIGH COURT CRIMINAL SESSION NO.149 OF 1974 Uganda Vs Sendere s/o Gwembeba</subfield>
  </datafield>
  <datafield tag="260" ind1=" " ind2=" ">
    <subfield code="a">High Court Kampala</subfield>
  </datafield>
  <datafield tag="500" ind1=" " ind2=" ">
    <subfield code="3">(original criminal Case No.MMA.726 of 1973 in the Chief  Magistrate's court of  Masaka at Masaka 
Before:His Worship E.N.Tagayika, Esq.,  Grade 11 Mag.)
</subfield>
  </datafield>
  <datafield tag="500" ind1=" " ind2=" ">
    <subfield code="3">Before: Hon. Mr. Ag. Justice F.K.Butagira</subfield>
  </datafield>
  <datafield tag="999" ind1=" " ind2=" ">
    <subfield code="c">7851</subfield>
    <subfield code="d">7851</subfield>
  </datafield>
  <datafield tag="952" ind1=" " ind2=" ">
    <subfield code="0">0</subfield>
    <subfield code="1">0</subfield>
    <subfield code="2">ddc</subfield>
    <subfield code="4">0</subfield>
    <subfield code="6">HCCRS_ARF027</subfield>
    <subfield code="7">0</subfield>
    <subfield code="9">14481</subfield>
    <subfield code="a">ARC</subfield>
    <subfield code="b">ARC</subfield>
    <subfield code="c">ARC</subfield>
    <subfield code="d">2015-07-15</subfield>
    <subfield code="l">0</subfield>
    <subfield code="o">HCCRS ARF:027</subfield>
    <subfield code="p">2925/2015</subfield>
    <subfield code="r">2015-07-15 00:00:00</subfield>
    <subfield code="w">2015-07-15</subfield>
    <subfield code="y">URC</subfield>
    <subfield code="z">Judgement was entered on 5th November 1974</subfield>
  </datafield>
</record>
